Innovation Strategies in the Slovak Enterprises

Strategický prístup inovačného manažmentu. jeho charakteristika. Prieskum stratégií inovačného manažmentu v slovenských podnikoch.

Gespeichert in:
Bibliographische Detailangaben
1. Verfasser: Kovaľová, Marcela
Weitere Verfasser: Hvolková, Lenka, Klement, Ladislav, Klementová, Vladimíra
Format: Buchkapitel
Sprache:Englisch
Schlagworte:
Tags: Tag hinzufügen
Keine Tags, Fügen Sie das erste Tag hinzu!

MARC

LEADER 00000naa$a2200000$$$4500
001 0248788
005 20221104110213.2
041 0 |a eng 
044 |a SK 
245 1 0 |a Innovation Strategies in the Slovak Enterprises  |c Marcela Kovaľová, Lenka Hvolková, Ladislav Klement, Vladimíra Klementová 
520 |a Strategický prístup inovačného manažmentu. jeho charakteristika. Prieskum stratégií inovačného manažmentu v slovenských podnikoch. 
610 2 0 |a stratégia inovačná 
610 2 0 |a manažment inovačný 
610 2 0 |a podnik 
610 2 0 |a Slovensko 
100 1 |a Kovaľová, Marcela 
700 1 |a Hvolková, Lenka 
700 1 |a Klement, Ladislav 
700 1 |a Klementová, Vladimíra